FIFA World Cup Host Knockouts - Statistics

General Stats
  • This quiz has been taken 15 times
  • The average score is 10 of 14
Answer Stats
Year Host Eliminator % Correct
1958 Sweden Brazil
86%
2002 South Korea Germany
86%
2014 Brazil Germany
86%
2006 Germany Italy
86%
2018 Russia Croatia
79%
1938 France Italy
79%
1990 Italy Argentina
71%
1962 Chile Brazil
71%
1994 United States Brazil
71%
1950 Brazil Uruguay
71%
1986 Mexico West Germany
71%
2002 Japan Turkey
64%
1970 Mexico Italy
57%
1954 Switzerland Austria
50%
No matching quizzes found
Score Distribution
Percent of People with Each Score
Percentile by Number Answered
Your Score History
You have not taken this quiz